| 000 | 00000nam##2200000za#4500 |
| 001 | 9.573859 |
| 003 | CaOODSP |
| 005 | 20210624183913 |
| 007 | cr ||||||||||| |
| 008 | 150406|1993||||xxc|||||o f|0| 0 eng|d |
| 022 | |a1488-5379 |
| 040 | |aCaOODSP|beng |
| 043 | |an-cn--- |
| 086 | 1 |aFs97-6/1946E-PDF |
| 110 | 1 |aCanada. |bDepartment of Fisheries and Oceans. |bGulf Region. |
| 245 | 10|aReport on the assessments of groundfish stocks in the Canadian northwest Atlantic, May 4-14, 1993 / |h[electronic resource]|ceditor, Alan Sinclair. |
| 260 | |aMoncton - New Brunswick : |bFisheries and Oceans Canada. |cNovember 1993. |
| 300 | |a208p.|bglossary, graphs, maps, references, tables |
| 490 | 1 |aCanadian technical report of fisheries and aquatic sciences|x1488-5379|vNo. 1946 |
| 500 | |aThe catalogue number (Fs97-6/1946e) and ISSN (0706-6457) for the print edition have been incorrectly copied in this electronic publication. |
| 546 | |a(Résumé en français) |
| 590 | |a12-22-Supp|b2012-05-24 |
| 720 | 1 |aSinclair, Alan |
| 775 | 08|tRapport sur l'évaluation des stocks de poisson de fond des eaux canadiennes de l'Atlantique nord-ouest du 4 au 14 mai 1993 / |w(CaOODSP)9.604015 |
| 776 | 0#|tReport on the assessments of groundfish stocks in the Canadian northwest Atlantic, May 4-14, 1993 / |w(CaOODSP)9.611043 |
| 830 | #0|aCanadian technical report of fisheries and aquatic sciences,|x1488-5379|vNo. 1946|w(CaOODSP)9.504449 |
| 856 | 40|ahttp://publications.gc.ca|qPDF|s85 MB|uhttps://publications.gc.ca/collections/collection_2012/mpo-dfo/Fs97-6-1946-eng.pdf|yNo. 1946 |